| 000 | 00641cam a2200229ua 4500 | ||
|---|---|---|---|
| 020 | _a0-444-42378-8 | ||
| 041 |
_aeng _h |
||
| 082 |
_a631.37 _bYON/VE |
||
| 100 | _aYong, Raymond N. | ||
| 245 |
_aVehicle traction mechanics / _cRaymond N Yong. _hTextual Documents |
||
| 250 |
_a1 / _b. |
||
| 260 |
_aAmsterdam : _bElsevier , _c1984. |
||
| 300 | _a307 ; . | ||
| 440 | 0 |
_aDevelopments in Agricultural Engineering, _vVol 3 _x; |
|
| 490 | 0 |
_aDevelopments in Agricultural Engineering, _vVol 3 _x; |
|
| 504 | _a | ||
| 700 | 1 | _aFattah, Ezzat A. | |
| 700 | 1 | _aSkiadas, Nicolas. | |
| 942 | _cBK | ||
| 999 |
_c180 _d180 |
||